000 00521nam a2200181Ia 4500
999 _c16506
_d16506
003 OSt
005 20200606115928.0
008 190216s9999||||xx |||||||||||||| ||und||
020 _a9788180950384
040 _cMESKC library
082 _a891.432
_bBHR/A
100 _aBhramar, Ram Kumar
_9314
245 0 _aAadiwasi Krantidoot /
_cRam Kumar Bhramar
260 _bAksharam Publications,
_c2007.
_aDelhi:
300 _a100p
650 _aHindi
942 _cBK
_2ddc
_h891.432
_iBHR/A
_k891.432
_mBHR/A